| 000 | 01076nam a22004210a 4500 | ||
|---|---|---|---|
| 001 | PT29298 | ||
| 003 | AR-LpoUNG | ||
| 005 | 20210131233509.0 | ||
| 008 | 191001s2007||||ag |||||||||||||||||spa d | ||
| 020 |
_a9789872173463 _c$21.48 |
||
| 040 |
_aAR-LpoUNG _bspa _cAR-LpoUNG _eaacr |
||
| 041 | _aspa | ||
| 044 | _aag | ||
| 082 | 0 | _a980.04 398pir | |
| 100 | 1 | _aAli, Tariq | |
| 245 | 1 | 0 |
_aPiratas del Caribe : _bel eje de la esperanza |
| 250 | _a1§ edición | ||
| 260 |
_aBuenos Aires : _bLuxemburg, _c2007. |
||
| 300 |
_a271 p. : _bgráfs. |
||
| 650 | 4 | _aAMERICA LATINA | |
| 650 | 4 | _aANALISIS SOCIOLOGICO | |
| 650 | 4 | _aASPECTOS ECONOMICOS | |
| 650 | 4 | _aASPECTOS SOCIALES | |
| 650 | 4 | _aCUBA | |
| 650 | 4 | _aHISTORIA POLITICA | |
| 650 | 4 | _aHISTORIA SOCIAL | |
| 650 | 4 | _aPOBREZA | |
| 650 | 4 | _aPROBLEMAS SOCIALES | |
| 650 | 4 | _aREVOLUCION | |
| 650 | 4 | _aVENEZUELA | |
| 651 | 4 | _aAmérica Latina | |
| 653 | _aCASTRO, FIDEL | ||
| 653 | _aCHAVEZ FRIAS, HUGO | ||
| 653 | _aCORREA, RAFAEL | ||
| 653 | _aMORALES, EVO | ||
| 905 | _a29298 | ||
| 942 | _cLIB | ||
| 999 |
_c20953 _d20953 |
||